Ccnp building multilayer switched networks : (Record no. 36103)

MARC details
000 -LEADER
fixed length control field 00508nam a22001697a 4500
005 - DATE AND TIME OF LATEST TRANSACTION
control field 20240710114435.0
008 - FIXED-LENGTH DATA ELEMENTS--GENERAL INFORMATION
fixed length control field 240710b |||||||| |||| 00| 0 eng d
020 ## - INTERNATIONAL STANDARD BOOK NUMBER
ISBN 9788131720325
082 ## - DEWEY DECIMAL CLASSIFICATION NUMBER
Classification number 621.38
Item number KOT-C
100 ## - MAIN ENTRY--AUTHOR
Author Name Kotfila, David
245 ## - TITLE STATEMENT
Title Ccnp building multilayer switched networks :
Remainder of title (Bcmsn 642-812) Lab Portfolio /
Statement of responsibility, etc. Joshua Moorhouse
260 ## - PUBLICATION, DISTRIBUTION, ETC.
Place of Publication USA:
Name of publisher, distributor, etc. Cissco Press;
Date of publication, distribution, etc. 2008.
300 ## - PHYSICAL DESCRIPTION
Pages vii, 215 p . :
500 ## - GENERAL NOTE
General note include index.
650 ## - SUBJECT ADDED ENTRY--TOPICAL TERM
Subject / Department Networking
300 ## - PHYSICAL DESCRIPTION
-- ill;
-- 27 cm.
952 ## - LOCATION AND ITEM INFORMATION (KOHA)
-- 0
-- 0
952 ## - LOCATION AND ITEM INFORMATION (KOHA)
-- 0
-- 0
Holdings
Lost status Damaged status Collection code Permanent Location Current Location Shelving Location Date acquired Full Call Number Accession No./Barcode Date last seen Copy number item type Koha item type
    CS/IT Superior Information Resource Center (SIRC) Superior University- Gold Campus Superior Information Resource Center (SIRC) Superior University- Gold Campus Networking 07/10/2024 621.38 KOT-C 2008 16189 07/10/2024 1 BOOK BOOK
    CS/IT Superior Information Resource Center (SIRC) Superior University- Gold Campus Superior Information Resource Center (SIRC) Superior University- Gold Campus Networking 07/10/2024 621.38 KOT-C 2008 16190 07/10/2024 2 BOOK BOOK

Powered by Koha